| 000 | 00420nam a2200181Ia 4500 | ||
|---|---|---|---|
| 001 | 1438 | ||
| 005 | 20260306143728.0 | ||
| 008 | 260306t2008||||xx |||||||||||||| ||spa|| | ||
| 041 | _aESP | ||
| 082 |
_a150.1 _bR81 |
||
| 100 |
_aRomo Santos, Manuela _eAUT |
||
| 245 | 0 | _aEpistemología y psicología | |
| 260 | _c2008 | ||
| 300 |
_a206 páginas : _ccm. |
||
| 650 | _aGEN | ||
| 654 | _aCPS | ||
| 942 |
_cLIB _dJUS _fJUS _2ddc _n |
||
| 999 |
_c1438 _d1438 |
||